header

Medical treatment of glaucoma (Record no. 113798)

MARC details
000 -LEADER
fixed length control field 01454nam a2200337 a 4500
245 00 - TITLE STATEMENT
Title Medical treatment of glaucoma
260 ## - PUBLICATION, DISTRIBUTION, ETC. (IMPRINT)
Place of publication Amsterdam :
Name of publisher Kugler Publications,
Year of publication 2010.
300 ## - PHYSICAL DESCRIPTION
Number of Pages xiv, 308 p. :
Other physical details ill., ports.
490 1# - SERIES STATEMENT
Series statement Consensus series (World Glaucoma Association) ;
650 #0 - SUBJECT ADDED ENTRY--TOPICAL TERM
Topical Term Glaucoma
700 1# - ADDED ENTRY--PERSONAL NAME
Personal name Weinreb, Robert N.,
Personal name Liebmann, Jeffrey.
856 40 - ELECTRONIC LOCATION AND ACCESS
Uniform Resource Identifier http://site.ebrary.com/lib/rucke/Doc?id=10505604

No items available.

© 2026 Rongo University
Contact us: librarian | system librarian | Rongo university